| 000 | 00670nam a2200193Ia 4500 | ||
|---|---|---|---|
| 003 | GCL | ||
| 008 | 140319s9999 xx 000 0 ara d | ||
| 040 |
_aGCL / _cGCL |
||
| 082 | 0 | 4 |
_a910.02 _bع ج |
| 100 | 1 | _aعلى عبدالوهاب شاهين | |
| 245 | 1 | 0 |
_aالجيومورفولوجيا : بين النظرية والتطبيق / _cعلى عبدالوهاب شاهين |
| 260 |
_aبيروت : _bدار النهضة العربية |
||
| 300 |
_a295 ص ؛ _c24 سم |
||
| 490 | _a | ||
| 650 | 0 | 4 | _aالجغرافيا الطبيعية |
| 650 | 0 | 4 | _aالجيومورفولوجيا |
| 650 | 0 | 4 | _aالجيومورفولوجيا المناخية |
| 942 |
_2ddc _cBK |
||
| 999 |
_c37242 _d37242 |
||